| 000 | 00657nam a2200265Ia 4500 | ||
|---|---|---|---|
| 003 | OSt | ||
| 005 | 20221007100655.0 | ||
| 006 | a|||||r|||| 00| 0 | ||
| 007 | ta | ||
| 008 | 221006b |||||||| |||| 00| 0 eng d | ||
| 024 | _a4,875 | ||
| 037 | _cTextual | ||
| 040 |
_aLCO _cLCO _beng |
||
| 041 |
_2eng _aeng |
||
| 082 | _aX:95:(Z2), M5.2 | ||
| 100 | _aEJAZ | ||
| 245 | 0 | _aService law in India | |
| 250 | _a2 | ||
| 260 |
_aAllahabad _bAshoka law house _c1985 |
||
| 300 | _a725 | ||
| 490 | _vVol - 2 | ||
| 650 |
_aSERVICE LAW _9701955 |
||
| 942 |
_hX:95:(Z2), M5.2 _cTEXL |
||
| 999 |
_c1174438 _d1174438 |
||